La clase obrera y el desarrollo económico / (Registro nro. 8953)
[ vista simple ]
| 000 -LEADER | |
|---|---|
| fixed length control field | 00905nam a2200241Ia 4500 |
| 003 - CONTROL NUMBER IDENTIFIER | |
| control field | OSt |
| 005 - DATE AND TIME OF LATEST TRANSACTION | |
| control field | 20221213073903.0 |
| 008 - FIXED-LENGTH DATA ELEMENTS--GENERAL INFORMATION | |
| fixed length control field | 210310s1964 mx gr 000 0 spa d |
| 040 ## - CATALOGING SOURCE | |
| Original cataloging agency | CO-JMCR |
| Transcribing agency | CO-JMCR |
| 041 1# - LANGUAGE CODE | |
| Language code of text/sound track or separate title | spa |
| Language code of original | eng |
| 082 04 - DEWEY DECIMAL CLASSIFICATION NUMBER | |
| Edition number | 23 |
| Classification number | 338.92 / |
| Item number | C614c |
| 245 03 - TITLE STATEMENT | |
| Title | La clase obrera y el desarrollo económico / |
| Statement of responsibility, etc. | recopilación de Walter Galenson ; versión española de Eduardo Escalona |
| 250 ## - EDITION STATEMENT | |
| Edition statement | Primera edición |
| 260 ## - PUBLICATION, DISTRIBUTION, ETC. | |
| Place of publication, distribution, etc. | México : |
| Name of publisher, distributor, etc. | Limusa-Wiley, |
| Date of publication, distribution, etc. | 1964 |
| 300 ## - PHYSICAL DESCRIPTION | |
| Extent | 405 páginas ; |
| Dimensions | 23 cm |
| 500 ## - GENERAL NOTE | |
| General note | Título original: Labor and economic development |
| 505 0# - FORMATTED CONTENTS NOTE | |
| Formatted contents note | India -- Japón -- Egipto -- África occidental francesa -- Las Antillas británicas |
| 650 14 - SUBJECT ADDED ENTRY--TOPICAL TERM | |
| Topical term or geographic name entry element | Clase trabajadora |
| 9 (RLIN) | 18755 |
| Geographic subdivision | México |
| 650 24 - SUBJECT ADDED ENTRY--TOPICAL TERM | |
| Topical term or geographic name entry element | Desarrollo económico |
| Geographic subdivision | México |
| 9 (RLIN) | 42496 |
| 700 1# - ADDED ENTRY--PERSONAL NAME | |
| Personal name | Galenson, Walter, |
| Relator term | compilador |
| 9 (RLIN) | 42497 |
| 700 1# - ADDED ENTRY--PERSONAL NAME | |
| Personal name | Escalona, Eduardo, |
| Relator term | traductor |
| 9 (RLIN) | 42498 |
| 942 ## - ADDED ENTRY ELEMENTS (KOHA) | |
| Source of classification or shelving scheme | Dewey Decimal Classification |
| Koha item type | Books |
| Withdrawn status | Lost status | Source of classification or shelving scheme | Damaged status | Not for loan | Home library | Current library | Date acquired | Full call number | Barcode | Date last seen | Copy number | Price effective from | Koha item type |
|---|---|---|---|---|---|---|---|---|---|---|---|---|---|
| Dewey Decimal Classification | Biblioteca Pública José María del Castillo y Rada | Biblioteca Pública José María del Castillo y Rada | 03/10/2021 | 338.92 / C614c | 201811695 | 05/16/2024 | Ej.1 | 03/10/2021 | Books |